[Event "PNWCC Online blitz JP 8th"]
[Site "Chess.com INT"]
[Date "2020.05.02"]
[Round "7"]
[White "Brown, Michael William"]
[Black "Narayanan, Samrug"]
[Result "1-0"]
[WhiteElo "2509"]
[BlackElo "2100"]
[PlyCount "45"]
[EventDate "2020.05.02"]
[EventType "swiss (blitz)"]
[EventRounds "11"]
[EventCountry "USA"]
[SourceTitle "CBM 195 Extra"]
[Source "ChessBase"]
[SourceDate "2020.05.31"]
[SourceVersion "1"]
[SourceVersionDate "2020.05.31"]
[SourceQuality "1"]

1. d4 d5 2. c4 e6 3. Nc3 Be7 4. Nf3 Nf6 5. cxd5 Nxd5 6. e4 Nxc3 7. bxc3 b6 8. Bd3 Bb7 9. 0-0 Nd7 10. Qe2 c5 11. Bf4 h6 12. Rad1 0-0 13. Rfe1 Rc8 14. d5 c4 15. Bxc4 exd5 16. exd5 Bf6 17. Nd4 Nc5 18. Qg4 Na4 19. Nc6 Bxc6 20. dxc6 Nxc3 21. Rxd8 Rfxd8 22. c7 Rf8 23. Qd7 1-0

[Event "PNWCC Online blitz JP 8th"]
[Site "Chess.com INT"]
[Date "2020.05.02"]
[Round "5"]
[White "Brown, Michael William"]
[Black "Xiong, Jeffery"]
[Result "1/2-1/2"]
[WhiteElo "2509"]
[BlackElo "2709"]
[PlyCount "123"]
[EventDate "2020.05.02"]
[EventType "swiss (blitz)"]
[EventRounds "11"]
[EventCountry "USA"]
[SourceTitle "CBM 195 Extra"]
[Source "ChessBase"]
[SourceDate "2020.05.31"]
[SourceVersion "1"]
[SourceVersionDate "2020.05.31"]
[SourceQuality "1"]

1. d4 Nf6 2. c4 c5 3. d5 b5 4. cxb5 a6 5. bxa6 g6 6. Nc3 Bxa6 7. g3 Bg7 8. Bg2 0-0 9. Nf3 d6 10. Rb1 Nbd7 11. b3 Bb7 12. 0-0 Ne8 13. Bb2 Nc7 14. e4 Bxc3 15. Bxc3 Nb5 16. Qd2 Rxa2 17. Qxa2 Nxc3 18. Qa7 Nxb1 19. Qxb7 Nc3 20. Nd2 Ne5 21. Ra1 Ne2+ 22. Kh1 Nd4 23. f4 Ng4 24. h3 Ne3 25. Ra7 Qb8 26. Nc4 Nb5 27. Qxb8 Rxb8 28. Rxe7 Nxc4 29. bxc4 Na3 30. Bf1 Rb1 31. Kg2 Nc2 32. Be2 Rb2 33. Kf1 Nd4 34. Bd1 Rh2 35. Ke1 Rxh3 36. e5 Nf5 37. Re8+ Kg7 38. Bg4 Rh1+ 39. Kf2 Nh6 40. Bf3 Rh2+ 41. Kg1 Ra2 42. exd6 Ra7 43. g4 Rd7 44. Kf2 Rxd6 45. Ke3 Rb6 46. Rc8 Rb3+ 47. Kf2 f5 48. gxf5 Nxf5 49. Rxc5 Rb2+ 50. Ke1 Nd4 51. Rc7+ Kf6 52. Bd1 h5 53. c5 h4 54. Rh7 Rb5 55. c6 Rxd5 56. c7 Rc5 57. Bg4 Ne6 58. Bxe6 Kxe6 59. Rxh4 Rxc7 60. Rg4 Kf5 61. Rg5+ Kxf4 62. Rxg6 1/2-1/2

[Event "PNWCC Online blitz JP 8th"]
[Site "Chess.com INT"]
[Date "2020.05.02"]
[Round "3"]
[White "Tian, Eddy"]
[Black "Brown, Michael William"]
[Result "0-1"]
[WhiteElo "2204"]
[BlackElo "2509"]
[PlyCount "78"]
[EventDate "2020.05.02"]
[EventType "swiss (blitz)"]
[EventRounds "11"]
[EventCountry "USA"]
[SourceTitle "CBM 195 Extra"]
[Source "ChessBase"]
[SourceDate "2020.05.31"]
[SourceVersion "1"]
[SourceVersionDate "2020.05.31"]
[SourceQuality "1"]

1. d4 Nf6 2. c4 e6 3. g3 d5 4. Nf3 Be7 5. Bg2 0-0 6. 0-0 dxc4 7. Qc2 b6 8. Qxc4 Ba6 9. Qc2 Nbd7 10. Rd1 c5 11. Nc3 Rc8 12. Bg5 cxd4 13. Nxd4 h6 14. Bxf6 Bxf6 15. Qa4 Rc4 16. Nxe6 Rxa4 17. Nxd8 Bxc3 18. Rxd7 Bxb2 19. Rb1 Bf6 20. Nxf7 Rxf7 21. Bd5 Bc4 22. Bxf7+ Bxf7 23. Rc1 Rxa2 24. Rc8+ Kh7 25. Rxf7 Rxe2 26. Rxa7 Bd4 27. Rf8 Bc5 28. Rb7 Bxf8 29. Rxb6 Bc5 30. Rc6 Bxf2+ 31. Kf1 Rb2 32. g4 Bh4 33. h3 Bf6 34. Rd6 Kg6 35. Rd5 Rh2 36. Rh5 Bg5 37. Kg1 Rb2 38. Kf1 Kf7 39. h4 g6 0-1

[Event "US Masters op"]
[Site "Greensboro"]
[Date "2019.08.22"]
[Round "2"]
[White "Brown, Michael William"]
[Black "Matta, Nicholas F"]
[Result "1-0"]
[WhiteElo "2529"]
[BlackElo "2117"]
[PlyCount "91"]
[EventDate "2019.08.21"]
[EventType "swiss"]
[EventRounds "9"]
[EventCountry "USA"]
[SourceTitle "EXT 2020"]
[Source "ChessBase"]
[SourceDate "2019.10.17"]
[SourceVersion "1"]
[SourceVersionDate "2019.10.17"]
[SourceQuality "1"]

1. d4 Nf6 2. c4 e6 3. g3 d5 4. Bg2 Be7 5. Nf3 0-0 6. 0-0 dxc4 7. Na3 Bxa3 8. bxa3 Nbd7 9. a4 Qe7 10. Nd2 e5 11. Nxc4 exd4 12. Ba3 c5 13. Qxd4 Qxe2 14. Qf4 Qg4 15. Qxg4 Nxg4 16. Nd6 Rb8 17. Rad1 Ngf6 18. Bh3 Rd8 19. Bb2 b6 20. Nxc8 Rbxc8 21. Bxf6 Nxf6 22. Bxc8 Rxc8 23. Rfe1 Kf8 24. Rd6 c4 25. Rd4 c3 26. Rd3 Ne4 27. f3 Ng5 28. Rc1 c2 29. Kf2 Rc4 30. a5 Ne6 31. axb6 axb6 32. Rd2 Nd4 33. Ke3 Nf5+ 34. Kd3 Rd4+ 35. Kxc2 Ne3+ 36. Kc3 Rc4+ 37. Kb2 Rb4+ 38. Ka1 Nc4 39. Rd4 b5 40. Rb1 Rxb1+ 41. Kxb1 Ke7 42. Kc2 Ke6 43. Kc3 Ne5 44. Re4 f5 45. Re3 Kd5 46. Kb4 1-0

[Event "PRO League Stage"]
[Site "Chess.com INT"]
[Date "2019.03.13"]
[Round "10"]
[White "Sarana, Alexey"]
[Black "Brown, Michael William"]
[Result "1-0"]
[WhiteElo "2630"]
[BlackElo "2524"]
[PlyCount "115"]
[EventDate "2019.01.08"]
[EventType "team-swiss (rapid)"]
[EventRounds "10"]
[EventCountry "USA"]
[SourceTitle "CBM 189 Extra"]
[Source "ChessBase"]
[SourceDate "2019.06.03"]
[SourceVersion "1"]
[SourceVersionDate "2019.06.03"]
[SourceQuality "1"]
[WhiteTeam "Australia Kangaroos"]
[BlackTeam "San Diego Surfers"]
[WhiteTeamCountry "AUS"]
[BlackTeamCountry "USA"]

1. d4 d5 2. Nf3 Nf6 3. c4 e6 4. Nc3 Bb4 5. Bg5 Nbd7 6. e3 c5 7. cxd5 exd5 8. Bd3 Qa5 9. 0-0 Bxc3 10. bxc3 c4 11. Bf5 Qxc3 12. Bxf6 Nxf6 13. Qa4+ Ke7 14. Bxc8 Rhxc8 15. Rab1 b6 16. Ne5 Kf8 17. Rfc1 Qa5 18. Qxa5 bxa5 19. Rb7 Rab8 20. Rxf7+ Kg8 21. Rxa7 Rb2 22. Rxa5 Rcb8 23. h3 h5 24. a4 h4 25. Rb5 R8xb5 26. axb5 Ne4 27. Ng6 c3 28. Ne7+ Kf7 29. Nxd5 c2 30. Kh2 Nxf2 31. Nf4 Nd1 32. Nd3 Rxb5 33. Ne5+ Ke6 34. Nc4 Rb4 35. Rxc2 Kd5 36. Rd2 Nc3 37. Ne5 Ke4 38. Ng4 Rb1 39. d5 Rb8 40. d6 Rd8 41. Rd4+ Kf5 42. Nf2 g5 43. Nd3 Ne4 44. d7 Nf6 45. Nc5 Ke5 46. g3 hxg3+ 47. Kxg3 Kf5 48. Kf3 Ke5 49. Ke2 Kf5 50. Kd3 Ke5 51. Kc4 Nxd7 52. Nxd7+ Kf5 53. Nc5 Rh8 54. Rd5+ Kg6 55. Ne4 Rxh3 56. Rxg5+ Kh6 57. Kd4 Rh1 58. Rd5 1-0

[Event "PRO League Stage"]
[Site "Chess.com INT"]
[Date "2019.02.07"]
[Round "5"]
[White "Brown, Michael William"]
[Black "Holt, Conrad"]
[Result "0-1"]
[WhiteElo "2524"]
[BlackElo "2548"]
[PlyCount "58"]
[EventDate "2019.01.08"]
[EventType "team-swiss (rapid)"]
[EventRounds "10"]
[EventCountry "USA"]
[SourceTitle "CBM 188 Extra"]
[Source "ChessBase"]
[SourceDate "2019.02.26"]
[SourceVersion "1"]
[SourceVersionDate "2019.02.26"]
[SourceQuality "1"]
[WhiteTeam "San Diego Surfers"]
[BlackTeam "Dallas Destiny"]
[WhiteTeamCountry "USA"]
[BlackTeamCountry "USA"]

1. d4 d5 2. c4 c6 3. Nc3 Nf6 4. e3 e6 5. Nf3 Nbd7 6. Qc2 b6 7. b3 Bb7 8. Bd3 Be7 9. Bb2 0-0 10. 0-0 g6 11. Rac1 Rc8 12. Rfd1 Qc7 13. Qe2 Rfe8 14. Ne5 dxc4 15. Nxc4 c5 16. f3 cxd4 17. Nb5 Qb8 18. Bxd4 a6 19. Bxf6 Nxf6 20. Nd4 e5 21. Nc2 b5 22. Na5 e4 23. fxe4 Bxe4 24. Nd4 Bd6 25. Nf3 Bxf3 26. Qxf3 Bxh2+ 27. Kh1 Rxc1 28. Rxc1 Be5 29. Rc6 Qd8 0-1

[Event "PRO League Stage"]
[Site "Chess.com INT"]
[Date "2019.02.07"]
[Round "5"]
[White "Xiong, Jeffery"]
[Black "Brown, Michael William"]
[Result "1-0"]
[WhiteElo "2672"]
[BlackElo "2524"]
[PlyCount "39"]
[EventDate "2019.01.08"]
[EventType "team-swiss (rapid)"]
[EventRounds "10"]
[EventCountry "USA"]
[SourceTitle "CBM 188 Extra"]
[Source "ChessBase"]
[SourceDate "2019.02.26"]
[SourceVersion "1"]
[SourceVersionDate "2019.02.26"]
[SourceQuality "1"]
[WhiteTeam "Dallas Destiny"]
[BlackTeam "San Diego Surfers"]
[WhiteTeamCountry "USA"]
[BlackTeamCountry "USA"]

1. e4 e5 2. Nf3 Nc6 3. d4 exd4 4. Nxd4 Bc5 5. Be3 Qf6 6. c3 Nge7 7. Bb5 a6 8. Ba4 b5 9. Bc2 Bb7 10. 0-0 d5 11. Nxb5 Bd6 12. Nxd6+ Qxd6 13. Nd2 0-0 14. Nb3 Rfd8 15. Re1 Rab8 16. Qh5 h6 17. Rad1 Qe5 18. Qxe5 Nxe5 19. exd5 Nxd5 20. Ba7 1-0

[Event "Charlotte CCCSA Winter GM"]
[Site "Charlotte"]
[Date "2019.01.20"]
[Round "7"]
[White "Brown, Michael William"]
[Black "Belous, Vladimir"]
[Result "1/2-1/2"]
[WhiteElo "2524"]
[BlackElo "2533"]
[PlyCount "22"]
[EventDate "2019.01.17"]
[EventType "tourn"]
[EventRounds "9"]
[EventCountry "USA"]
[EventCategory "9"]
[SourceTitle "CBM 188 Extra"]
[Source "ChessBase"]
[SourceDate "2019.02.26"]
[SourceVersion "1"]
[SourceVersionDate "2019.02.26"]
[SourceQuality "1"]

1. c4 c6 2. e4 d5 3. cxd5 cxd5 4. exd5 Nf6 5. Nc3 Nxd5 6. Nf3 Nc6 7. Bb5 a6 8. Bxc6+ bxc6 9. 0-0 e6 10. Qa4 Bd7 11. Ne5 Bd6 1/2-1/2

[Event "Charlotte CCCSA Winter GM"]
[Site "Charlotte"]
[Date "2019.01.19"]
[Round "4"]
[White "Korley, Kassa"]
[Black "Brown, Michael William"]
[Result "1/2-1/2"]
[WhiteElo "2450"]
[BlackElo "2524"]
[PlyCount "101"]
[EventDate "2019.01.17"]
[EventType "tourn"]
[EventRounds "9"]
[EventCountry "USA"]
[EventCategory "9"]
[SourceTitle "CBM 188 Extra"]
[Source "ChessBase"]
[SourceDate "2019.02.26"]
[SourceVersion "1"]
[SourceVersionDate "2019.02.26"]
[SourceQuality "1"]

1. d4 d5 2. c4 e6 3. Nc3 Nf6 4. Bg5 Nbd7 5. e3 Bb4 6. cxd5 exd5 7. Bd3 c5 8. Nge2 Qa5 9. 0-0 c4 10. Bc2 0-0 11. a3 Bxc3 12. Nxc3 Re8 13. Qd2 h6 14. Bh4 b5 15. b4 cxb3 16. Bxb3 Bb7 17. Rfd1 Qb6 18. Qa2 Qc6 19. Rac1 Rac8 20. h3 Qxc3 21. Rxc3 Rxc3 22. Bxf6 Nxf6 23. Rd2 Rec8 24. Rc2 Ne4 25. f3 Rxc2 26. Bxc2 Nd6 27. Qb1 a5 28. e4 dxe4 29. fxe4 Bc6 30. d5 Bd7 31. e5 Nc4 32. Bf5 Nd2 33. Qd1 Bxf5 34. Qxd2 Ra8 35. g4 Bd7 36. Qc3 Be8 37. Qc7 b4 38. Qb7 Rd8 39. axb4 axb4 40. d6 b3 41. Qxb3 Bd7 42. Qb7 Be6 43. Kf2 Rc8 44. Qe7 Rc2+ 45. Ke3 Rc3+ 46. Kd4 Rc4+ 47. Kd3 Rc5 48. Ke4 Rc4+ 49. Kf3 Rc3+ 50. Kf2 Rc2+ 51. Ke3 1/2-1/2

[Event "Charlotte CCCSA Winter GM"]
[Site "Charlotte"]
[Date "2019.01.18"]
[Round "2"]
[White "Jacobson, Brandon"]
[Black "Brown, Michael William"]
[Result "1/2-1/2"]
[WhiteElo "2404"]
[BlackElo "2524"]
[PlyCount "94"]
[EventDate "2019.01.17"]
[EventType "tourn"]
[EventRounds "9"]
[EventCountry "USA"]
[EventCategory "9"]
[SourceTitle "CBM 188 Extra"]
[Source "ChessBase"]
[SourceDate "2019.02.26"]
[SourceVersion "1"]
[SourceVersionDate "2019.02.26"]
[SourceQuality "1"]

1. e4 e5 2. Nf3 Nc6 3. Bc4 Bc5 4. b4 Bxb4 5. c3 Be7 6. d4 Na5 7. Be2 d6 8. Qa4+ c6 9. dxe5 dxe5 10. Nxe5 Nf6 11. 0-0 0-0 12. Bf4 b5 13. Qc2 Qb6 14. Nd2 h6 15. a4 a6 16. Rab1 Be6 17. Nef3 Bc5 18. Nd4 Rfe8 19. Nxe6 Rxe6 20. e5 Nd5 21. Bg3 Rd8 22. Ne4 Bf8 23. c4 Nb4 24. Qc1 Nxc4 25. Bxc4 bxc4 26. Nd2 Qc5 27. Nxc4 Nd3 28. Qc3 Rd4 29. Rbd1 Qxc4 30. Qxc4 Rxc4 31. Rxd3 Rxa4 32. h4 Be7 33. h5 c5 34. Rd7 f5 35. f4 Rb4 36. Bh2 Kf8 37. g4 fxg4 38. f5 Reb6 39. e6 Rb7 40. Rfd1 Rxd7 41. Rxd7 Rd4 42. Ra7 Bd6 43. Ra8+ Ke7 44. Ra7+ Kf8 45. Ra8+ Ke7 46. Ra7+ Ke8 47. Ra8+ Ke7 1/2-1/2

[Event "PRO League Stage"]
[Site "Chess.com INT"]
[Date "2019.01.08"]
[Round "1"]
[White "Brown, Michael William"]
[Black "Bashkansky, Naomi"]
[Result "1-0"]
[WhiteElo "2524"]
[BlackElo "1994"]
[PlyCount "65"]
[EventDate "2019.01.08"]
[EventType "team-swiss (rapid)"]
[EventRounds "10"]
[EventCountry "USA"]
[SourceTitle "CBM 188 Extra"]
[Source "ChessBase"]
[SourceDate "2019.02.26"]
[SourceVersion "1"]
[SourceVersionDate "2019.02.26"]
[SourceQuality "1"]
[WhiteTeam "San Diego Surfers"]
[BlackTeam "Seattle Sluggers"]
[WhiteTeamCountry "USA"]
[BlackTeamCountry "USA"]

1. d4 d5 2. c4 dxc4 3. e4 e5 4. Nf3 Nc6 5. d5 Nb8 6. Nxe5 Nf6 7. Nc3 Be7 8. Bxc4 0-0 9. 0-0 a6 10. a4 Nbd7 11. Nxd7 Nxd7 12. f4 Bc5+ 13. Kh1 Kh8 14. e5 Qh4 15. Ne4 Be7 16. Be3 Nxe5 17. fxe5 Qxe4 18. Bd4 b6 19. Re1 Qg4 20. Qd2 Bg5 21. Qc3 Bh4 22. Rf1 Bb7 23. h3 Qg6 24. Bd3 Qg5 25. Rf5 Qe7 26. Rh5 h6 27. e6 fxe6 28. Rxh6+ Kg8 29. Bh7+ Kf7 30. Rxe6 Qd7 31. Rf1+ Bf6 32. Bxf6 gxf6 33. Qxf6# 1-0

[Event "PRO League Stage"]
[Site "Chess.com INT"]
[Date "2019.01.08"]
[Round "1"]
[White "Brown, Michael William"]
[Black "Nakamura, Hikaru"]
[Result "0-1"]
[WhiteElo "2524"]
[BlackElo "2749"]
[PlyCount "96"]
[EventDate "2019.01.08"]
[EventType "team-swiss (rapid)"]
[EventRounds "10"]
[EventCountry "USA"]
[SourceTitle "CBM 188 Extra"]
[Source "ChessBase"]
[SourceDate "2019.02.26"]
[SourceVersion "1"]
[SourceVersionDate "2019.02.26"]
[SourceQuality "1"]
[WhiteTeam "San Diego Surfers"]
[BlackTeam "Seattle Sluggers"]
[WhiteTeamCountry "USA"]
[BlackTeamCountry "USA"]

1. d4 e6 2. c4 b6 3. a3 Bb7 4. Nc3 Nf6 5. d5 Bd6 6. Nf3 0-0 7. e4 Re8 8. Be2 exd5 9. exd5 a5 10. 0-0 h6 11. Nb5 Bf8 12. Bf4 d6 13. h3 Nbd7 14. Bd3 Ne5 15. Re1 Nfd7 16. Nfd4 Nc5 17. Bf1 a4 18. Qd2 Qd7 19. Rad1 Re7 20. Bg3 Rae8 21. Nc3 Ba6 22. Bxe5 Rxe5 23. Nc6 Rxe1 24. Rxe1 Rxe1 25. Qxe1 Bb7 26. Nb4 g6 27. Nd3 Nb3 28. Ne4 Bg7 29. Qb4 Ba6 30. Nc3 Nd2 31. Nxa4 Nxf1 32. Kxf1 Qf5 33. Ne1 Qxd5 34. b3 Qd4 35. Nf3 Qd1+ 36. Ne1 Qc1 37. Ke2 d5 38. Qd2 Bxc4+ 39. bxc4 Qxc4+ 40. Qd3 Qxa4 41. Qxd5 Bf8 42. Qd8 Qc4+ 43. Nd3 Kg7 44. a4 Qe4+ 45. Kd2 Bd6 46. Qd7 Qxg2 47. Ke3 Qd5 48. Qe8 Qf5 0-1

[Event "PRO League Stage"]
[Site "Chess.com INT"]
[Date "2019.01.08"]
[Round "1"]
[White "Mikhalevski, Victor"]
[Black "Brown, Michael William"]
[Result "1-0"]
[WhiteElo "2581"]
[BlackElo "2524"]
[PlyCount "49"]
[EventDate "2019.01.08"]
[EventType "team-swiss (rapid)"]
[EventRounds "10"]
[EventCountry "USA"]
[SourceTitle "CBM 188 Extra"]
[Source "ChessBase"]
[SourceDate "2019.02.26"]
[SourceVersion "1"]
[SourceVersionDate "2019.02.26"]
[SourceQuality "1"]
[WhiteTeam "Seattle Sluggers"]
[BlackTeam "San Diego Surfers"]
[WhiteTeamCountry "USA"]
[BlackTeamCountry "USA"]

1. d4 d5 2. c4 dxc4 3. Nf3 Nf6 4. e3 a6 5. Bxc4 c5 6. 0-0 e6 7. dxc5 Bxc5 8. Qxd8+ Kxd8 9. b3 Ke7 10. Bb2 Bd7 11. Ne5 Bb5 12. Na3 Bxc4 13. Naxc4 b5 14. Nd3 bxc4 15. Nxc5 Rc8 16. Ba3 Ke8 17. Rac1 cxb3 18. Nxe6 Rxc1 19. Nxg7+ Kd7 20. Rxc1 bxa2 21. Ra1 Nc6 22. Rxa2 a5 23. f3 Rb8 24. Rd2+ Kc8 25. Rd6 1-0

[Event "Bay Area op"]
[Site "Burlingame"]
[Date "2019.01.03"]
[Round "3"]
[White "Brown, Michael William"]
[Black "Li, Zhaozhi"]
[Result "1/2-1/2"]
[WhiteElo "2524"]
[BlackElo "2395"]
[PlyCount "198"]
[EventDate "2019.01.01"]
[EventType "swiss"]
[EventRounds "9"]
[EventCountry "USA"]
[SourceTitle "CBM 188 Extra"]
[Source "ChessBase"]
[SourceDate "2019.02.26"]
[SourceVersion "1"]
[SourceVersionDate "2019.02.26"]
[SourceQuality "1"]

1. c4 e5 2. Nc3 Nc6 3. Nf3 f5 4. d4 e4 5. Ng5 Bb4 6. Nh3 Nf6 7. e3 Bxc3+ 8. bxc3 d6 9. Nf4 b6 10. c5 dxc5 11. Bb5 Bd7 12. 0-0 Qe7 13. Ba3 Na5 14. Ba6 0-0 15. h4 Rfd8 16. Qe2 Bc8 17. dxc5 Bxa6 18. Qxa6 Qf7 19. Bb4 Qc4 20. Qxc4+ Nxc4 21. Ne6 Rd7 22. a4 a5 23. Ba3 Re8 24. Nd4 Nd5 25. Nxf5 Nxc3 26. cxb6 cxb6 27. Bc1 Re5 28. Nd4 Rh5 29. g3 g5 30. hxg5 Rxg5 31. Kg2 Rh5 32. Ba3 Nxa4 33. Rfc1 Nxa3 34. Rc8+ Kf7 35. Rxa3 Nc5 36. Rc6 Rb7 37. Nb5 Ke7 38. Nd6 Rb8 39. Rxb6 Rxb6 40. Nc8+ Kd7 41. Nxb6+ Kc6 42. Nc4 a4 43. Nb2 Kb5 44. Ra1 Rd5 45. Nxa4 Nxa4 46. Rh1 h5 47. Rh4 Nc3 48. f3 Rd2+ 49. Kf1 exf3 50. Rxh5+ Kc4 51. Rf5 Kd3 52. Rxf3 Ne4 53. g4 Ra2 54. Rf8 Ng5 55. Rf5 Nh3 56. Rf3 Rh2 57. e4+ Kxe4 58. Rf8 Ng5 59. Rf2 Rh3 60. Kg2 Re3 61. Kf1 Ra3 62. Kg2 Nh3 63. Re2+ Kf4 64. Re8 Ng5 65. Rf8+ Ke4 66. Re8+ Kf4 67. Rf8+ Ke3 68. Re8+ Ne4 69. g5 Kf4 70. Rf8+ Kxg5 71. Rg8+ Kf4 72. Rf8+ Ke5 73. Rf3 Ra2+ 74. Kg1 Ng5 75. Rf8 Ke4 76. Re8+ Kf3 77. Rf8+ Ke3 78. Re8+ Ne4 79. Re7 Rd2 80. Re8 Rb2 81. Re7 Rb8 82. Kg2 Rf8 83. Ra7 Rg8+ 84. Kh2 Nc3 85. Re7+ Ne4 86. Ra7 Nd2 87. Kh3 Nf3 88. Ra3+ Ke4 89. Ra4+ Nd4 90. Kh2 Ke3 91. Ra3+ Kf2 92. Ra2+ Ne2 93. Kh3 Kf3 94. Ra3+ Ke4 95. Ra4+ Nd4 96. Kh2 Ke3 97. Ra3+ Kf4 98. Ra4 Rd8 99. Kg2 Rg8+ 1/2-1/2

[Event "Bay Area op"]
[Site "Burlingame"]
[Date "2019.01.02"]
[Round "2"]
[White "Stearman, Josiah P"]
[Black "Brown, Michael William"]
[Result "0-1"]
[WhiteElo "2298"]
[BlackElo "2524"]
[PlyCount "92"]
[EventDate "2019.01.01"]
[EventType "swiss"]
[EventRounds "9"]
[EventCountry "USA"]
[SourceTitle "CBM 188 Extra"]
[Source "ChessBase"]
[SourceDate "2019.02.26"]
[SourceVersion "1"]
[SourceVersionDate "2019.02.26"]
[SourceQuality "1"]

1. e4 e5 2. Nf3 Nc6 3. Bc4 Nf6 4. d3 Be7 5. 0-0 0-0 6. Re1 d6 7. a4 Kh8 8. c3 Ng8 9. a5 a6 10. Qb3 f5 11. exf5 Rxf5 12. Nbd2 Nf6 13. Be6 Bxe6 14. Qxe6 Qd7 15. Qb3 Rb8 16. Nf1 Nh5 17. Ng3 Nxg3 18. hxg3 d5 19. g4 Rff8 20. Ra4 Bc5 21. g5 g6 22. Rh4 Qd6 23. Qa4 e4 24. d4 Ba7 25. Nh2 Ne5 26. dxe5 Bxf2+ 27. Kh1 Qe6 28. Rexe4 dxe4 29. Rxe4 Rbd8 30. Be3 Bg3 31. Bd4 Kg8 32. b4 Qf5 33. Qb3+ Kg7 34. Qb1 Qe6 35. Qd3 Rf4 36. Re2 Bxh2 37. Kxh2 Kg8 38. Re4 Rxe4 39. Qxe4 c6 40. Kg3 Rf8 41. Be3 Qd5 42. Qxd5+ cxd5 43. Bd4 Rf5 44. Kh4 Kf7 45. Kg4 Ke6 46. g3 Rf1 0-1

[Event "Titled Tuesday intern op 1st Jan"]
[Site "Chess.com INT"]
[Date "2019.01.01"]
[Round "5"]
[White "Brown, Michael William"]
[Black "Vidal Melendez, Ismael David"]
[Result "1-0"]
[WhiteElo "2524"]
[BlackElo "2320"]
[PlyCount "73"]
[EventDate "2019.01.01"]
[EventType "swiss (blitz)"]
[EventRounds "10"]
[EventCountry "USA"]
[SourceTitle "EXT 2021"]
[Source "ChessBase"]
[SourceDate "2020.10.23"]
[SourceVersion "1"]
[SourceVersionDate "2020.10.23"]
[SourceQuality "1"]

1. d4 Nf6 2. c4 e6 3. Nc3 Bb4 4. Qc2 0-0 5. Nf3 d5 6. cxd5 exd5 7. Bf4 c5 8. dxc5 Ne4 9. Bd2 Nxd2 10. Qxd2 Nc6 11. e3 Bg4 12. 0-0-0 Qa5 13. a3 Bxc3 14. Qxc3 Qxc3+ 15. bxc3 Rac8 16. Rxd5 Be6 17. Rd1 Na5 18. Nd4 Rxc5 19. Kb2 Bc4 20. Bd3 Rfc8 21. Rd2 Bd5 22. e4 Bxe4 23. Bxe4 Nc4+ 24. Kc2 Nxd2 25. Kxd2 Rxc3 26. Bxb7 R8c5 27. Re1 g6 28. Re8+ Kg7 29. Re7 Kf6 30. Rd7 Rxa3 31. Bd5 Kg5 32. Nf3+ Kh6 33. Bxf7 Rb5 34. Bg8 Kh5 35. Rxh7+ Kg4 36. Be6+ Kf4 37. Rh4# 1-0

[Event "Titled Tuesday intern op 1st Jan"]
[Site "Chess.com INT"]
[Date "2019.01.01"]
[Round "4"]
[White "Riff, Vincent"]
[Black "Brown, Michael William"]
[Result "1-0"]
[WhiteElo "2399"]
[BlackElo "2524"]
[PlyCount "67"]
[EventDate "2019.01.01"]
[EventType "swiss (blitz)"]
[EventRounds "10"]
[EventCountry "USA"]
[SourceTitle "EXT 2021"]
[Source "ChessBase"]
[SourceDate "2020.10.23"]
[SourceVersion "1"]
[SourceVersionDate "2020.10.23"]
[SourceQuality "1"]

1. e4 e5 2. Nf3 Nc6 3. Bb5 a6 4. Ba4 Nf6 5. 0-0 Be7 6. Re1 b5 7. Bb3 d6 8. c3 0-0 9. h3 Na5 10. Bc2 c5 11. d3 Qc7 12. Nbd2 Nc6 13. Nf1 h6 14. Ng3 Be6 15. Be3 d5 16. Qc1 Kh7 17. exd5 Nxd5 18. d4+ f5 19. Nxe5 Nxe5 20. dxe5 Nxe3 21. Qxe3 g6 22. Ne2 Bg5 23. Nf4 Bg8 24. Qg3 Rad8 25. Nxg6 Kxg6 26. h4 Rd2 27. hxg5 hxg5 28. Rad1 Rfd8 29. Bxf5+ Kxf5 30. Qf3+ Kg6 31. Qf6+ Kh7 32. Rxd2 Rxd2 33. Qxg5 Qc8 34. Qxd2 1-0

[Event "Titled Tuesday intern op 1st Jan"]
[Site "Chess.com INT"]
[Date "2019.01.01"]
[Round "6"]
[White "Trent, Lawrence"]
[Black "Brown, Michael William"]
[Result "1-0"]
[WhiteElo "2385"]
[BlackElo "2524"]
[PlyCount "53"]
[EventDate "2019.01.01"]
[EventType "swiss (blitz)"]
[EventRounds "10"]
[EventCountry "USA"]
[SourceTitle "EXT 2021"]
[Source "ChessBase"]
[SourceDate "2020.10.23"]
[SourceVersion "1"]
[SourceVersionDate "2020.10.23"]
[SourceQuality "1"]

1. d4 d5 2. c4 dxc4 3. e3 Nf6 4. Bxc4 a6 5. Nf3 e6 6. 0-0 c5 7. b3 cxd4 8. exd4 b5 9. Be2 Bb7 10. Bb2 Be7 11. Nbd2 0-0 12. a4 bxa4 13. Rxa4 Nbd7 14. Qa1 Nb6 15. Ra2 Nfd5 16. Rc1 Nb4 17. Ra5 Rc8 18. Nc4 Be4 19. Rc5 N6d5 20. Rxc8 Qxc8 21. Nd6 Qxc1+ 22. Bxc1 Bxd6 23. g3 h6 24. Bd2 Rc8 25. Ne1 Nc2 26. Qxa6 Ne7 27. Qxd6 1-0

[Event "Charlotte CCCSA GM-B"]
[Site "Charlotte"]
[Date "2018.06.10"]
[Round "9"]
[White "Panchanathan, Magesh Chandran"]
[Black "Brown, Michael William"]
[Result "1/2-1/2"]
[WhiteElo "2480"]
[BlackElo "2505"]
[PlyCount "132"]
[EventDate "2018.06.06"]
[EventType "tourn"]
[EventRounds "9"]
[EventCountry "USA"]
[EventCategory "8"]
[SourceTitle "CBM 184 Extra"]
[Source "ChessBase"]
[SourceDate "2018.06.28"]
[SourceVersion "1"]
[SourceVersionDate "2018.06.28"]
[SourceQuality "1"]

1. Nf3 d5 2. g3 Bg4 3. Bg2 Nd7 4. d4 e6 5. 0-0 Ngf6 6. Nbd2 Be7 7. Re1 h6 8. e4 0-0 9. c3 c6 10. Qb3 Qc7 11. h3 Bh5 12. exd5 cxd5 13. Nf1 Bg6 14. Bf4 Bd6 15. Bxd6 Qxd6 16. Ne5 Be4 17. f3 Bh7 18. f4 Rab8 19. a4 b6 20. Nd2 Rfc8 21. Qa3 Qxa3 22. Rxa3 Rc7 23. Kf2 Kf8 24. Rea1 Ne8 25. c4 dxc4 26. Rc3 Rbc8 27. Rac1 Ke7 28. Ndxc4 Ndf6 29. a5 bxa5 30. Ke3 a4 31. g4 Nd5+ 32. Bxd5 exd5 33. Na5 Rxc3+ 34. bxc3 f6 35. Nec6+ Kd7 36. Nb4 Nc7 37. f5 g6 38. fxg6 Bxg6 39. Kd2 Be4 40. Nb7 Ne6 41. Na6 Bg2 42. Nbc5+ Nxc5 43. Nxc5+ Kc6 44. h4 Rg8 45. Ra1 Rxg4 46. Rxa4 Rxh4 47. Rxa7 f5 48. Ke3 f4+ 49. Kf2 Be4 50. c4 Rh2+ 51. Kg1 Rh1+ 52. Kf2 f3 53. Ra6+ Kc7 54. Ra7+ Kb8 55. Rf7 Rh2+ 56. Kf1 Rh1+ 57. Kf2 Rh2+ 58. Kf1 Rd2 59. Rf8+ Ka7 60. Rf7+ Kb8 61. Rf8+ Kc7 62. Rf4 Rd1+ 63. Kf2 Rd2+ 64. Kf1 Re2 65. Rh4 Bf5 66. cxd5 Kd6 1/2-1/2